Morceaux choisis des classiques francais (Запис номер 344750)
[ съкратено ]
| 000 -Лидер | |
|---|---|
| Контролно поле с фиксирана дължина | 01296nam a2200313 c 4500 |
| 003 - Код на организацията, давaща контролен номер | |
| Контролно поле | BLK |
| 005 - Дата и час на последна редакция | |
| Контролно поле | 20210719081742.0 |
| 008 - Елементи от данни с фиксирана дължина | |
| fixed length control field | 180911b bul|||||r ||||||| ||bul|| |
| 010 ## - Наследен системен номер | |
| LC control number | 004416 |
| 040 ## - Източник на каталожния запис | |
| Идентификатор на билиотеката - собственик на записа | BLK |
| 041 ## - Код за език | |
| Код за езика на текст/звукозапис или на отделно заглавие | Френски |
| Код за езика КДБФ | Български |
| 080 ## - УДК | |
| УДК - код + определител | 840-82(075.2) |
| 100 1# - Редна дума - Автор | |
| Автор | Pellissier, Georges |
| R(LIN) | 397470 |
| 245 00 - Сведения за заглавието | |
| Заглавие | Morceaux choisis des classiques francais |
| 246 ## - Различни форми на заглавието | |
| Паралелно заглавие | Prose et vers |
| 250 ## - Област на изданието | |
| Сведения за изданието | Nouv. ed |
| 260 ## - Област на издателските данни | |
| Място на издаване, разпространение и проч. | Paris |
| Име на издателя, разпространителя и проч. | Libr. Hachette et c-ie |
| Година на издаване | 1887 |
| Печатница | Impr. P. Brodard et Gallois |
| 300 ## - Физическа характеристика | |
| Страници | 156 с |
| Размери/Мащаб | 18 см |
| 380 ## - Жанр | |
| Жанр | Литературознание |
| 490 ## - СЕРИИ (Колекции) | |
| Име на серия | Cours gradue de litt. fr. |
| 490 ## - СЕРИИ (Колекции) | |
| Име на серия | Частна колекция - Академик Михаил Арнаудов |
| Бележки за серията | Дарение - Основен фонд |
| 490 ## - СЕРИИ (Колекции) | |
| Име на серия | Колекция Редки и ценни издания |
| 9 (RLIN) | 435080 |
| 520 ## - Забележка за наличие на резюме, анотация и т.н | |
| Анотация, рецензия, сканиран текст | Михаил Арнаудов: подпис |
| 520 ## - Забележка за наличие на резюме, анотация и т.н | |
| Анотация, рецензия, сканиран текст | Михаил Арнаудов: негови-книга |
| 520 ## - Забележка за наличие на резюме, анотация и т.н | |
| Анотация, рецензия, сканиран текст | Датиране на книгата : М. П. Арнаудов. V а кл. 1892/93 год. Руссен. Гимназия. На корицата и на предтитулна стр. е поставен № 11, залепена е великденска лепенка - заяк с яйца |
| 655 ## - Ключова дума – жанр/разновидност | |
| Данни за жанр/разновидност или ключова дума за фокус | Литературознание |
| 700 1# - Други автори (авторска отговорност) | |
| Лично име | Pellissier, Augustin |
| 9 (RLIN) | 407385 |
| 852 ## - Местоположение | |
| Форматна сигнатура | МА 3338 |
| Фондова буква | Фонд "Михаил Арнаудов" |
| 852 ## - Местоположение | |
| Форматна сигнатура | Рф 887 |
| Фондова буква | Редки и ценни |
| 999 ## - СИСТЕМНИ КОНТРОЛНИ НОМЕРА | |
| Koha biblionumber | 344750 |
| Koha biblioitemnumber | 344750 |
| 942 ## - АРТИКУЛИ | |
| Вид на библиотечния материал | Книги |
| Скрит в OPAC | Не |
| Периодичен библиозапис | Да |
| 944 ## - СЪЗДАВАНЕ И РЕДАКЦИЯ на ЗАПИСА | |
| Създаване/Редакция | Създаване |
| Дата на регистрацията/редакция | 1994 |
| 999 ## - СИСТЕМНИ КОНТРОЛНИ НОМЕРА | |
| Koha biblioitemnumber | 344750 |
| 999 ## - СИСТЕМНИ КОНТРОЛНИ НОМЕРА | |
| Koha biblioitemnumber | 344750 |
| Код за отписване | Код за изгубен артикул | Източник на класификационната схема | Код за повреда | Коз за рестрикции | Код за отдаване | Артикулен № | Име на библиотеката - собственик | Име на библиотеката, в която се намира в момента | Статус (Текущо местоположение) | Местоположение - отдел | Цена в лева | Номерация (Хронология) | Инвентарен номер | Систематично азбучна сигнатура | Баркод | Номер на екземпляра | Цена в евро | Служебен тип на артикула | Дата на вписване в системата |
|---|---|---|---|---|---|---|---|---|---|---|---|---|---|---|---|---|---|---|---|
| Не е изгубен | Universal Decimal Classification | Не е повреден | без рестрикции | Специални фондове ( старопечатни, редки и ценни, фонд М. Арнаудов) | 745218 | Регионална библиотека "Любен Каравелов" Русе | Регионална библиотека "Любен Каравелов" Русе | Фонд "Михаил Арнаудов" | Фонд "Михаил Арнаудов" | 15.00 | 589590 | МА 3338 | 120000589590 | 1 | 7.67 | Книги | |||
| Не е изгубен | Universal Decimal Classification | Не е повреден | само за читалня | Специални фондове ( старопечатни, редки и ценни, фонд М. Арнаудов) | 854998 | Регионална библиотека "Любен Каравелов" Русе | Регионална библиотека "Любен Каравелов" Русе | Редки и ценни | Редки и ценни | 0.13 | 4434 | Рф 887 | 900000068620 | 0.07 | Книги | 2021-09-24 |